000 00796cab a2200265 4500
001 WB3111-15
008 090401t1995 xxu||||| |||| 00| 0 eng d
035 _a(Sirsi) u29148
041 _aeng
245 _aDiversity in Grimsby
260 _c1995
350 _a0
490 _aFinancial Times
_v14 March 1995, 12(1)
520 _aGrimsby has the highest proportion of profit-making companies at 89.5%, due largely to industrial diversity, according to an analysis by Dun & Bradstreet
650 _aCAPITAL INVESTMENT
650 _aCOMPANY PROFITS
650 _aDUN & BRADSTREET
650 _aEAST COAST TOWNS
650 _aGRIMSBY
650 _aINDUSTRIAL DIVERSITY
650 _aPROFIT-MAKING COMPANIES
690 _aECONOMIC AND SOCIAL
942 _n0
948 _c04/03/1997
999 _c19623
_d19623